Youtube-less Countries Quiz Stats

 Plays Quiz not verified by Sporcle

Challenge
Share
Tweet
Embed
Score 0/16 Timer 05:00
0 Plays Today
Continent Country % Correct
AsiaChina
91.1%
Asia/EuropeRussia
74.3%
Asia/EuropeTurkey
70.8%
AsiaIran
70.3%
AsiaPakistan
52.5%
South AmericaBrazil
52%
AfricaLibya
46.5%
AsiaIndonesia
41.6%
Continent Country % Correct
AfricaSudan
41.6%
AsiaUnited Arab Emirates
37.6%
AsiaThailand
37.1%
AfricaTunisia
34.2%
AfricaMorocco
34.2%
AsiaTurkmenistan
33.7%
AsiaBangladesh
33.2%
AsiaArmenia
25.2%

You're not logged in!

Compare scores with friends on all Sporcle quizzes.
Join for Free
OR
Log In

You Might Also Like...

Show Comments

Extras

Top Quizzes Today


Score Distribution

Your Account Isn't Verified!

In order to create a playlist on Sporcle, you need to verify the email address you used during registration. Go to your Sporcle Settings to finish the process.

Report this User

Report this user for behavior that violates our Community Guidelines.

Details: